[Event "WchT Seniors 50"]
[Site "Prague"]
[Date "2020.03.08"]
[Round "3.16"]
[White "Zimmermann, Rolf"]
[Black "Goldmane, Astra"]
[Result "1-0"]
[WhiteElo "2090"]
[BlackElo "2015"]
[PlyCount "75"]
[EventDate "2020.03.06"]
[EventType "team-swiss"]
[EventRounds "7"]
[EventCountry "CZE"]
[SourceTitle "CBM 195 Extra"]
[Source "ChessBase"]
[SourceDate "2020.05.31"]
[SourceVersion "1"]
[SourceVersionDate "2020.05.31"]
[SourceQuality "1"]
[WhiteTeam "Germany 50 V"]
[BlackTeam "Latvia 50 (W)"]
[WhiteTeamCountry "GER"]
[BlackTeamCountry "LAT"]

1. c4 Nf6 2. Nc3 c5 3. g3 g6 4. Bg2 Bg7 5. e3 0-0 6. Nge2 d6 7. b3 Nc6 8. Bb2 e5 9. 0-0 Bf5 10. d4 Rc8 11. dxc5 dxc5 12. Qxd8 Rfxd8 13. Rfd1 e4 14. h3 h5 15. Rxd8+ Rxd8 16. Rd1 Rxd1+ 17. Nxd1 Nb4 18. Bxf6 Bxf6 19. Ndc3 b6 20. a4 Bg7 21. Nxe4 Nd3 22. Nd6 Bd7 23. Nb5 a6 24. Nc7 Ne1 25. e4 Be5 26. Nd5 b5 27. cxb5 axb5 28. a5 Kf8 29. a6 Bb8 30. Nb6 Ke8 31. Nxd7 Kxd7 32. Bf1 c4 33. bxc4 bxc4 34. Nc3 Kc6 35. Bxc4 Nf3+ 36. Kg2 Ne5 37. Bd5+ Kc5 38. f4 1-0